| 000 | 01470cam a2200445 4500 | ||
|---|---|---|---|
| 008 | 090401t1993 xxu||||| |||| 00| 0 eng d | ||
| 020 | _a1857280504 | ||
| 035 | _a(Sirsi) u45507 | ||
| 041 | _aeng | ||
| 050 | _a333.3370944 | ||
| 100 | _aAcosta, Rodrigo | ||
| 245 | _aUrban land and property markets in France. | ||
| 260 |
_aLondon _bUCL Press Limited _c1993 |
||
| 300 | _axix,166p. ; 24cm. | ||
| 350 | _a40 | ||
| 490 |
_aUCL Press European Urban Land and Property Markets _v3 |
||
| 520 | _aPart of a series, supervised by the University of Dortmund, which will eventually cover six European countries. This volume looks at the framework and functioning of the urban land and property markets in France including the legal background, social context, price structure and a number of case studies. | ||
| 650 | _aALSACE | ||
| 650 | _aPROPERTY-COMMERCIAL PROPERTY | ||
| 650 | _aFRANCE | ||
| 650 | _aGRENOBLE | ||
| 650 | _aINDUSTRIAL PROPERTY | ||
| 650 | _aLAND MARKET | ||
| 650 | _aLAND PRICES | ||
| 650 | _aMEYLAN ZIRST | ||
| 650 | _aNANCY | ||
| 650 | _aOFFICES | ||
| 650 | _aPOMPEY | ||
| 650 | _aPROPERTY MARKET | ||
| 650 | _aRENNES | ||
| 650 | _aRENT | ||
| 650 | _aUNIVERSITY OF DORTMUND | ||
| 650 | _aURBAN AREAS | ||
| 650 | _aZAC CITROEN-CEVENNES | ||
| 690 | _aOVERSEAS-EUROPE | ||
| 700 | _aRenard, Vincent | ||
| 710 |
_aAssociation pour le Developpement des Etudes Foncieres _91814 |
||
| 942 | _n0 | ||
| 948 | _c04/03/1997 | ||
| 999 |
_c91742 _d91742 |
||